Movies by Last Name Quiz Stats

 Plays Quiz Updated Mar 3, 2018

Score 0/25 Timer 05:00
5 Plays Today
% Correct
Star Wars: Episode IV - A New Hope
97.1%
Back to the Future
95.4%
Rocky
94.7%
Pirates of the Caribbean: The Curse of the Black Pearl
93%
A Nightmare on Elm Street
92%
Batman
91.8%
The Godfather
90.4%
Anchorman 2: The Legend Continues
90.4%
Raiders of the Lost Ark
86.5%
The Pink Panther
86.1%
Die Hard
86%
Superman: The Movie
85.7%
The Iron Lady
82.6%
% Correct
Gone with the Wind
82.3%
Harry Potter and the Prisoner of Azkaban
81.6%
To Kill a Mockingbird
81.1%
Alien
78.4%
The Silence of the Lambs
76.9%
The Shawshank Redemption
74.6%
Breakfast at Tiffany's
70.7%
One Flew Over the Cuckoo’s Nest
70.2%
The Girl with the Dragon Tattoo
64.2%
Blade Runner
61.5%
Fargo
60.9%
Django Unchained
55.7%

You're not logged in!

Compare scores with friends on all Sporcle quizzes.
OR
Log In

Sporcle TV

Today on Sporcle TV


Watch our educational content, quiz creation guides, and fun videos on Sporcle TV.

Show Comments

Extras

Top Quizzes Today


Score Distribution

Your Account Isn't Verified!

In order to create a playlist on Sporcle, you need to verify the email address you used during registration. Go to your Sporcle Settings to finish the process.

Report this User

Report this user for behavior that violates our Community Guidelines.

Details: